MARC
| LEADER | 000000000a22000000004500 | ||
|---|---|---|---|
| 001 | 000211 | ||
| 007 | ta | ||
| 008 | 140327s1999 ni |||f |||| 000 f spa d | ||
| 041 | 0 | |a español | |
| 082 | |a N863.4 |b R173t 1999 | ||
| 100 | 1 | |a Ramírez Mercado, Sergio |d 1942- |9 44 | |
| 245 | 1 | 0 | |a Te dió miedo la sangre? |c Sergio Ramírez |
| 260 | |a Managua, Nicaragua |b Anamá |c 1999 | ||
| 300 | |a 252 páginas | ||
| 500 | |a número de inscripción: 6449, 00070 | ||
| 650 | 4 | |a LITERATURA NICARAGUENSE |v NOVELA | |
| 942 | |2 ddc |c BK | ||
| 999 | |c 1041 |d 1041 | ||
